Biggest 10-Letter European Cities on a Map - Statistics

General Stats
  • This quiz has been taken 165 times
  • The average score is 14 of 22
Answers on the Map
Answers color-coded by a green-red scale on the quiz's map according to % correct below.
 
Answer Stats
Population City % Correct
638,117 Copenhagen
97%
563,561 Manchester
97%
1,160,254 Birmingham
95%
440,948 Bratislava
95%
284,677 Strasbourg
90%
621,877 Düsseldorf
89%
655,078 Gothenburg
89%
403,893 Sevastopol
85%
315,987 Nottingham
77%
324,576 Cluj-Napoca
72%
248,929 Portsmouth
72%
299,265 Valladolid
67%
342,054 Simferopol
63%
731,922 Zaporizhia
59%
210,764 Oberhausen
44%
267,060 Chernivtsi
38%
495,810 Cheboksary
37%
507,307 Balashikha
33%
219,022 Kremenchuk
33%
276,155 Yoshkar-Ola
33%
227,326 Dzerzhinsk
32%
223,711 Stary Oskol
32%
No matching quizzes found
Score Distribution
Percent of People with Each Score
Percentile by Number Answered
Your Score History
You have not taken this quiz